La fábrica de la estratégia : (Registro nro. 6379)
[ vista simple ]
| 000 -LEADER | |
|---|---|
| fixed length control field | 01308nam a2200265Ia 4500 |
| 003 - CONTROL NUMBER IDENTIFIER | |
| control field | OSt |
| 005 - DATE AND TIME OF LATEST TRANSACTION | |
| control field | 20200630145726.0 |
| 008 - FIXED-LENGTH DATA ELEMENTS--GENERAL INFORMATION | |
| fixed length control field | 191128s2004 ck fr 000 0 spa d |
| 020 ## - INTERNATIONAL STANDARD BOOK NUMBER | |
| International Standard Book Number | 8446018292 |
| 040 ## - CATALOGING SOURCE | |
| Original cataloging agency | CO-JMCR |
| Transcribing agency | CO-JMCR |
| 041 0# - LANGUAGE CODE | |
| Language code of text/sound track or separate title | spa |
| Language code of original | ita |
| 082 04 - DEWEY DECIMAL CLASSIFICATION NUMBER | |
| Classification number | 335.43 / |
| Item number | N237f |
| Edition number | 23 |
| 100 1# - MAIN ENTRY--PERSONAL NAME | |
| Personal name | Negri, Antonio, |
| Relator term | autor |
| 9 (RLIN) | 6339 |
| 245 13 - TITLE STATEMENT | |
| Title | La fábrica de la estratégia : |
| Remainder of title | 33 lecciones sobre Lenin / |
| Statement of responsibility, etc. | Antonio Negri ; traducción de Oscar Chávez Hernández, Raúl Sánchez Cedillo. |
| 260 ## - PUBLICATION, DISTRIBUTION, ETC. | |
| Place of publication, distribution, etc. | Madrid : |
| Name of publisher, distributor, etc. | Akal, |
| Date of publication, distribution, etc. | 2004 |
| 300 ## - PHYSICAL DESCRIPTION | |
| Extent | 284 páginas ; |
| Dimensions | 24 cm. |
| 490 0# - SERIES STATEMENT | |
| Series statement | Akal. Cuestiones de antagonismo ; |
| Volume/sequential designation | 27 |
| 505 0# - FORMATTED CONTENTS NOTE | |
| Formatted contents note | Lenin y nuestra generación -- Lenin y los soviets en la Revolución Rusa y algunas consideraciones sobre el sovietismo -- Intermezzo sobre la dialéctica: los cuadernos de 1914-1916 |
| 520 3# - SUMMARY, ETC. | |
| Summary, etc. | ¿Cómo pensar la política en el capitalismo? ¿Cómo pensar una política anticapitalista en la coyuntura actual, cuando el capitalismo histórico entra en una face de caos sistématico y turbulencia global? |
| 546 ## - LANGUAGE NOTE | |
| Language note | Traducido del italiano |
| 600 14 - SUBJECT ADDED ENTRY--PERSONAL NAME | |
| Personal name | Lenin, Vladimir Ilich, |
| Dates associated with a name | 1870-1924 |
| General subdivision | crítica e interpretación |
| 9 (RLIN) | 6340 |
| 700 1# - ADDED ENTRY--PERSONAL NAME | |
| Personal name | Chávez Hernández, Oscar, |
| Relator term | traductor |
| 9 (RLIN) | 6341 |
| 700 1# - ADDED ENTRY--PERSONAL NAME | |
| Personal name | Sánchez Cedillo, Raúl, |
| Relator term | traductor |
| 9 (RLIN) | 5293 |
| 942 ## - ADDED ENTRY ELEMENTS (KOHA) | |
| Source of classification or shelving scheme | Dewey Decimal Classification |
| Koha item type | Books |
| Withdrawn status | Lost status | Source of classification or shelving scheme | Damaged status | Not for loan | Collection code | Home library | Current library | Date acquired | Source of acquisition | Cost, normal purchase price | Total Checkouts | Full call number | Barcode | Date last seen | Date last checked out | Copy number | Koha item type |
|---|---|---|---|---|---|---|---|---|---|---|---|---|---|---|---|---|---|
| Dewey Decimal Classification | Non-fiction | Biblioteca Pública José María del Castillo y Rada | Biblioteca Pública José María del Castillo y Rada | 04/15/2018 | Donación | 0.00 | 1 | 335.43 / N237f | 430013317 | 06/06/2024 | 06/06/2024 | Ej.1 | Books |